000
00298nam a22001337a 4500
008
190305b xxu||||| |||| 00| 0 eng d
020
_a
2901111427503
041
_a
eng
080
_2
10th
_a
910
100
_a
42
101
_a
GJEO
245
_a
Physical Geography
_c
Petersen,J.F
942
_2
udc
_c
BK
999
_c
54572
_d
54572